000 00582nam a22002177a 4500
005 20160127095535.0
008 160127b us a gq|||| 00| 0 spa d
040 _aCO-BoIAVH
_cCO-BoIAVH
041 _aeng
082 4 _a333.9557
_bM66a
100 1 _aMinchester, Charles D.
245 1 _aAmerican social insects
260 _a:
_b,
_c.
300 _a265 paginas.
_bilustraciones.;
_c21 x 14 cm.
650 4 _aInserctos
650 4 _aabejas
650 4 _a Apidae
650 4 _ahormigas
650 4 _aTermitas
942 _2ddc
_cLIBRO
999 _c18030
_d18030